| 000 | 00875nam a22003017a 4500 | ||
|---|---|---|---|
| 003 | CHAP | ||
| 005 | 20220817041826.0 | ||
| 008 | 971013s1972 r 00010 d | ||
| 010 | _a25694 | ||
| 011 | _a26666 | ||
| 035 | _a30767 | ||
| 040 | _cCHAP | ||
| 082 |
_a519.7 _bB8Y |
||
| 100 | 0 | 0 |
_aBujtiyarov, A. M. _916015 |
| 245 | _aColección de problemas de programación | ||
| 260 |
_aMoscu : _bMir, _c1972 |
||
| 300 |
_a224 p. _b: ilus. |
||
| 590 |
_aBATCH-UPD _b10 _c20130110 _lUCH01 _h1952 |
||
| 590 |
_aBATCH-UPD _b10 _c20130410 _lUCH01 _h1313 |
||
| 590 |
_aBATCH-UPD _b10 _c20130914 _lUCH01 _h1649 |
||
| 590 |
_aCONVERSION _b10 _c20130109 _lUCH01 _h1315 |
||
| 650 | 1 | 4 | _aProgramación. |
| 700 | 0 |
_aFrolov, G. D. _943549 |
|
| 700 | 0 |
_aZikevskaya, L. M. _9124017 |
|
| 901 | _aBK | ||
| 942 | _cLIBRO | ||
| 949 |
_a519.7 B8Y _bBC _cLIBRO _d33724000387148 _eLIBRO _h53202 _i30767 _si |
||
| 999 |
_c25694 _d25694 |
||